Encyklopedie Jiřího Suchého. Sv. 18, Televize /

Hlavní autor: Suchý, Jiří, 1931 říjen 1.-
Korporativní autor: Univerzita Karlova
Jazyk: Čeština
Vydáno: Praha : Karolinum :Pražská imaginace, 2005
Vydání: Vyd. 1.
Témata:
Externí odkaz: Digitalizovaný dokument
Fyzický popis: 241 s. : il. ; 22 cm
Knihy
Uloženo v:
LEADER 01979nam a2200517 a 4500
001 000770047
003 CZ BrMZK
005 20050526164218.0
007 ta
008 050411s2005 xr a gr 000 0dcze d
015 |a cnb001173810 
020 |a 80-7110-208-3  |q (Pražská imaginace :  |q váz.) 
020 |a 80-7184-918-9  |q (Karolinum :  |q váz.) 
035 |a (OCoLC)85125525 
040 |a BOA001  |b cze 
043 |a e-xr---  |b e-xr-pg  |2 czenas 
072 7 |a 792  |x Divadlo. Divadelní představení  |2 Konspekt  |9 3 
072 7 |a 821.162.3-2  |x České drama  |2 Konspekt 
080 |a 792.2/.8  |2 MRF 
080 |a 821.162.3-2  |2 MRF 
080 |a (437.311)  |2 MRF 
080 |a (0:82-2)  |2 MRF 
080 |a (0:82-25)792  |2 MRF 
080 |a (082)  |2 MRF 
100 1 |a Suchý, Jiří,  |d 1931 říjen 1.-  |7 jk01121734  |4 aut 
245 1 0 |a Encyklopedie Jiřího Suchého.  |n Sv. 18,  |p Televize /  |c [k vydání připravil a ediční poznámku napsal Václav Kadlec] 
246 3 0 |a Televize 
250 |a Vyd. 1. 
260 |a Praha :  |b Karolinum :  |b Pražská imaginace,  |c 2005 
300 |a 241 s. :  |b il. ;  |c 22 cm 
500 |a 1200 výt. 
504 |a Obsahuje bibliografické odkazy 
550 |a Vydavatel: Univerzita Karlova 
500 |a Dostupné též v digitální podobě v aplikaci Kramerius 
650 0 7 |a divadelní inscenace  |7 ph114330  |z Česko  |y 1997-2002  |2 czenas 
655 7 |a česká dramata  |7 fd133957  |2 czenas 
655 7 |a divadelní scénáře  |7 fd132039  |2 czenas 
655 7 |a sborníky  |7 fd163935  |2 czenas 
610 2 7 |a Divadlo Semafor  |7 kn20010709448  |2 czenas 
651 7 |a Praha (Česko)  |7 ge118011  |2 czenas 
710 2 |a Univerzita Karlova  |7 kn20010710036 
856 4 1 |u http://www.digitalniknihovna.cz/mzk/uuid/uuid:9837d540-da21-11e5-a3e0-005056827e51  |y Digitalizovaný dokument  |x NDK 
910 |a BOA001  |b 2-1064.973,18 
990 |a BK 
991 |b 200505  |c NOV 
996 6 |b 2610248021  |c 2-1064.973,18  |l MZK  |r Sklad / do 1 hodiny  |n 0  |p p.v.  |w 000770047  |u 000010  |a 1  |e BOA001  |j MZK50  |s P